| 000 | 00485nam a22001577a 4500 | ||
|---|---|---|---|
| 005 | 20180827142851.0 | ||
| 008 | 120209t xxu||||| |||| 00| 0 eng d | ||
| 020 |
_a8120321715 _c250.00 |
||
| 035 | _aB-106193, B-106195 | ||
| 040 |
_aDPL _bENG |
||
| 100 |
_aPanko, Raymond R. _941422 |
||
| 245 |
_aBusiness Data networks and telecomunication / _cby Raymond R. Panko |
||
| 260 |
_aNew Delhi _bPHI _c2003 |
||
| 300 |
_axxix, 510p. _c23cms |
||
| 942 |
_2ddc _cEN _h005.7 _mPAN |
||
| 999 |
_c62440 _d62440 |
||